[Event "Scarborough CC ch Reserves op"]
[Site "Toronto CAN"]
[Date "2010.04.01"]
[Round "6"]
[White "Luiting, Larry"]
[Black "Super, Russell"]
[Result "1-0"]
[WhiteElo "1702"]
[BlackElo "1449"]
[PlyCount "65"]
[EventDate "2010.02.25"]
[EventType "swiss"]
[EventRounds "9"]
[EventCountry "CAN"]

1. e4 c5 2. Nf3 Nc6 3. d4 cxd4 4. c3 dxc3 5. Nxc3 d6 6. Bc4 Bg4 7. Bxf7+ Kxf7
8. Ng5+ Ke8 9. Qxg4 Nf6 10. Qe6 Qd7 11. Qf7+ Kd8 12. Ne6+ Kc8 13. Nxf8 Qg4 14.
Qe6+ Qxe6 15. Nxe6 g6 16. f3 Kd7 17. Nf4 Rac8 18. Be3 Nb4 19. Kd2 a6 20. a3 Nc6
21. Nfd5 Ke6 22. Nb6 Rc7 23. Ncd5 Nxd5 24. exd5+ Kf7 25. dxc6 Rxc6 26. Rac1 Rd8
27. Rxc6 bxc6 28. Rc1 c5 29. b4 cxb4 30. axb4 d5 31. Rc7 Kf6 32. h4 e6 33. Bg5+
1-0

[Event "Scarborough CC ch Reserves op"]
[Site "Toronto CAN"]
[Date "2010.04.01"]
[Round "6"]
[White "Manalo, Pepin"]
[Black "Rapoport, Alexander"]
[Result "0-1"]
[WhiteElo "1838"]
[BlackElo "1809"]
[PlyCount "120"]
[EventDate "2010.02.25"]
[EventType "swiss"]
[EventRounds "9"]
[EventCountry "CAN"]

1. d4 d5 2. Nf3 e6 3. g3 f5 4. Bg2 Nf6 5. O-O Bd6 6. c4 c6 7. c5 Bc7 8. Nc3
Nbd7 9. Qd3 O-O 10. Rb1 a5 11. Ng5 Qe8 12. Bd2 e5 13. dxe5 Nxe5 14. Qc2 Qh5 15.
f4 Nc4 16. Bf3 Qe8 17. Qd3 Nxd2 18. Qxd2 h6 19. Nh3 Be6 20. Nf2 Ne4 21. Qd4 Qg6
22. Bxe4 fxe4 23. e3 Bd8 24. Ne2 Bd7 25. a4 h5 26. Kh1 Re8 27. b4 axb4 28. Rxb4
Bf6 29. Qd2 Qf7 30. Nd4 Bc8 31. Kg2 Be7 32. Qc2 Qf8 33. Rc1 Kh7 34. Nh3 Bxh3+
35. Kxh3 Ra7 36. Kg2 Rea8 37. h3 Qc8 38. f5 b5 39. Qe2 Qe8 40. axb5 cxb5 41.
Rxb5 Bg5 42. Rb2 Ra3 43. Nc2 Rc3 44. Rd1 Rxc5 45. h4 Bf6 46. Nd4 Bxd4 47. Rxd4
Qf7 48. Qf1 Ra3 49. Qf4 Rcc3 50. Re2 Ra1 51. Red2 Rcc1 52. Qe5 Rg1+ 53. Kh3 Ra3
54. Re2 Rh1+ 55. Kg2 Raa1 56. Rxd5 Rag1+ 57. Kf2 Qb7 58. Rb5 Qa6 59. Qb2 Qd6
60. Qd4 Qxg3# 0-1

[Event "Scarborough CC ch Reserves op"]
[Site "Toronto CAN"]
[Date "2010.04.01"]
[Round "6"]
[White "Marcille, Gord"]
[Black "Gillis, Doug"]
[Result "0-1"]
[WhiteElo "1778"]
[BlackElo "1611"]
[PlyCount "60"]
[EventDate "2010.02.25"]
[EventType "swiss"]
[EventRounds "9"]
[EventCountry "CAN"]

1. e4 e6 2. Nc3 d5 3. exd5 exd5 4. d4 Bb4 5. Nf3 Bxc3+ 6. bxc3 Bg4 7. Bd3 Ne7
8. O-O O-O 9. Bxh7+ Kh8 10. Bd3 Qd6 11. h3 Bf5 12. a4 Nd7 13. Re1 Rfe8 14. Rxe7
Rxe7 15. Bxf5 Rae8 16. Ba3 c5 17. Bxd7 Qxd7 18. Ne5 Qf5 19. Bxc5 Re6 20. g4 Qh7
21. Nxf7+ Kg8 22. Ne5 Qxh3 23. Qd3 Qh4 24. Qf3 Rf6 25. Qxd5+ Kh8 26. f3 Qg3+
27. Kf1 Rxe5 28. dxe5 Rxf3+ 29. Ke2 Qg2+ 30. Kd1 Rf1# 0-1

[Event "Scarborough CC ch Reserves op"]
[Site "Toronto CAN"]
[Date "2010.04.01"]
[Round "6"]
[White "Morra, Lui"]
[Black "Kim, Bill"]
[Result "0-1"]
[WhiteElo "1660"]
[BlackElo "1874"]
[PlyCount "32"]
[EventDate "2010.02.25"]
[EventType "swiss"]
[EventRounds "9"]
[EventCountry "CAN"]

1. b3 d5 2. Bb2 Nf6 3. g3 b6 4. Bg2 Bb7 5. e3 Nbd7 6. c4 e6 7. cxd5 Nxd5 8. e4
Nb4 9. d4 Ba6 10. Bf1 Bxf1 11. Kxf1 Qc8 12. a3 Qa6+ 13. Kg2 Nd3 14. Bc3 c5 15.
Qf3 cxd4 16. Bxd4 Ne1+ 0-1

[Event "Scarborough CC ch Reserves op"]
[Site "Toronto CAN"]
[Date "2010.04.01"]
[Round "6"]
[White "Paterson, Jim"]
[Black "Azmitia, Gabriel"]
[Result "1-0"]
[WhiteElo "1905"]
[BlackElo "1575"]
[PlyCount "57"]
[EventDate "2010.02.25"]
[EventType "swiss"]
[EventRounds "9"]
[EventCountry "CAN"]

1. e3 d5 2. f4 g6 3. Nf3 Bg7 4. c3 e6 5. d4 Ne7 6. Bd3 b6 7. Qe2 f5 8. Nbd2 Bb7
9. Ng5 Qd7 10. Ndf3 h6 11. Nh3 Qc8 12. b3 Nd7 13. Ba3 Qd8 14. Nh4 Kf7 15. Qf3
Rg8 16. O-O-O Rc8 17. Kb1 c5 18. Rc1 Bf6 19. Qf2 a6 20. Nf3 b5 21. Ne5+ Bxe5
22. fxe5 Qa5 23. Bxc5 Nxe5 24. dxe5 Qd8 25. Bd6 Rc6 26. Qh4 Nc8 27. Qxh6 Nxd6
28. Ng5+ Ke7 29. Qh7+ 1-0

[Event "Scarborough CC ch Reserves op"]
[Site "Toronto CAN"]
[Date "2010.04.01"]
[Round "6"]
[White "Picana, Andrew"]
[Black "Moysoski, Randy"]
[Result "1-0"]
[WhiteElo "2084"]
[BlackElo "1886"]
[PlyCount "105"]
[EventDate "2010.02.25"]
[EventType "swiss"]
[EventRounds "9"]
[EventCountry "CAN"]

1. d4 Nf6 2. Nf3 c5 3. Nc3 e6 4. Bg5 cxd4 5. Qxd4 Nc6 6. Qa4 Qb6 7. Bxf6 gxf6
8. Qb3 Bb4 9. a3 Ba5 10. Qxb6 Bxb6 11. Ne4 Ke7 12. e3 d5 13. Ng3 Bd7 14. Be2
Ne5 15. Nxe5 fxe5 16. c4 Rac8 17. O-O dxc4 18. Rac1 c3 19. bxc3 f5 20. c4 Bc5
21. Rc3 Bc6 22. Bf3 e4 23. Be2 Rcd8 24. Rd1 Ba4 25. Rb1 b6 26. Rb4 Bd1 27. Bf1
a5 28. Rb2 h5 29. Ne2 e5 30. Nc1 Rd6 31. h4 Kf6 32. Be2 Bxe2 33. Nxe2 Rd3 34.
Rxd3 exd3 35. Nc3 Rb8 36. a4 e4 37. Kf1 Ke5 38. Nd5 Kd6 39. g3 Kc6 40. Rb5 Rd8
41. Ke1 Rh8 42. Kd1 Rh6 43. Nf4 Kd6 44. Kd2 Bb4+ 45. Kc1 Bc5 46. Rb3 Kc6 47.
Kd1 Kd6 48. Nxd3 exd3 49. Rxd3+ Ke6 50. Ke2 Rg6 51. Rd8 Rh6 52. Rg8 Kf6 53. Kd3
1-0

[Event "Scarborough CC ch Reserves op"]
[Site "Toronto CAN"]
[Date "2010.04.01"]
[Round "6"]
[White "Radpey, Abdolreza"]
[Black "Maister, Martin"]
[Result "0-1"]
[WhiteElo "1555"]
[BlackElo "1875"]
[PlyCount "90"]
[EventDate "2010.02.25"]
[EventType "swiss"]
[EventRounds "9"]
[EventCountry "CAN"]

1. Nf3 c5 2. c4 Nc6 3. d4 cxd4 4. Nxd4 g6 5. Nxc6 bxc6 6. Nc3 Bg7 7. Bd2 Nf6 8.
Qc2 O-O 9. e4 d6 10. h3 Be6 11. Rd1 Qc7 12. Be2 Rfd8 13. Bf4 Qb7 14. b3 Rac8
15. Bf3 Nd7 16. O-O Ne5 17. Be2 d5 18. Bxe5 Bxe5 19. f4 Bxc3 20. Qxc3 dxe4 21.
Qe5 Qb6+ 22. Kh1 Qe3 23. Bf3 Rd6 24. Qxe4 Qxe4 25. Bxe4 Rcd8 26. Rxd6 Rxd6 27.
f5 gxf5 28. Bxf5 Bxf5 29. Rxf5 Kg7 30. Ra5 Rd7 31. Ra6 c5 32. Rc6 Rd2 33. Ra6
Rd7 34. Kh2 f5 35. Kg3 e5 36. Kh4 Re7 37. Kg3 e4 38. Kf2 e3+ 39. Ke1 f4 40. Rc6
Rd7 41. Rxc5 Rd2 42. Rc7+ Kg6 43. Rxa7 Rxg2 44. c5 f3 45. Ra4 Rg1# 0-1

[Event "Scarborough CC ch Reserves op"]
[Site "Toronto CAN"]
[Date "2010.04.01"]
[Round "6"]
[White "Takov, Chris"]
[Black "Moran-Venegas, Mario"]
[Result "0-1"]
[WhiteElo "1792"]
[BlackElo "1735"]
[PlyCount "112"]
[EventDate "2010.02.25"]
[EventType "swiss"]
[EventRounds "9"]
[EventCountry "CAN"]

1. c4 Nf6 2. Nc3 e6 3. g3 d5 4. cxd5 exd5 5. Bg2 c6 6. d3 Bg4 7. Bg5 Nbd7 8. h3
Bh5 9. g4 Bg6 10. Qb3 Qb6 11. Qc2 h6 12. Bh4 Bb4 13. Nf3 d4 14. a3 Ba5 15. b4
Bxb4 16. axb4 dxc3 17. Qxc3 O-O 18. Rb1 a5 19. O-O Nd5 20. Qc4 Nxb4 21. Be7
Rfe8 22. Bxb4 axb4 23. Rxb4 Qc7 24. Rfb1 Rab8 25. Nh4 Bh7 26. e4 c5 27. d4 Bxe4
28. dxc5 Bxb1 29. Rxb1 Qxc5 30. Qf4 b6 31. Rc1 Qe5 32. Qa4 b5 33. Qa7 Qg5 34.
Rd1 Qxh4 35. Rxd7 Re1+ 36. Kh2 Rf8 37. Bd5 Qf6 38. Kg2 b4 39. f3 b3 40. Be4
Qb2+ 41. Kg3 Qe5+ 42. Kf2 Ra1 43. Qc7 Ra2+ 44. Ke3 Qxc7 45. Rxc7 Re8 46. Rb7 b2
47. Kd3 Rc8 48. Bd5 Rd8 49. Kd4 Ra4+ 50. Ke5 Ra5 51. Ke4 Raxd5 52. Rxb2 g5 53.
Rb4 R5d6 54. Rb5 Re6+ 55. Kf5 Rd4 56. Re5 Rf4# 0-1

[Event "Scarborough CC ch Reserves op"]
[Site "Toronto CAN"]
[Date "2010.04.01"]
[Round "6"]
[White "Ward, Dean"]
[Black "Fiedler, Brian"]
[Result "0-1"]
[WhiteElo "1806"]
[BlackElo "2161"]
[PlyCount "58"]
[EventDate "2010.02.25"]
[EventType "swiss"]
[EventRounds "9"]
[EventCountry "CAN"]

1. d4 g6 2. e4 d6 3. Bc4 Nf6 4. Nc3 Bg7 5. f3 O-O 6. Be3 c6 7. Qd2 d5 8. exd5
cxd5 9. Bd3 Nc6 10. a3 e5 11. dxe5 d4 12. exf6 Bxf6 13. Bxd4 Bxd4 14. O-O-O Qb6
15. Re1 Be6 16. Na4 Qc7 17. Ne2 Bg7 18. Kb1 Rfd8 19. Qg5 Ne5 20. Nf4 Bc4 21.
Bxc4 Qxc4 22. Re4 Qc6 23. Nc3 f6 24. Qg3 f5 25. Ree1 Nc4 26. Re6 Nxa3+ 27. Kc1
Bxc3 28. bxc3 Qxc3 29. Rxg6+ Kh8 0-1

[Event "Scarborough CC ch Reserves op"]
[Site "Toronto CAN"]
[Date "2010.04.08"]
[Round "7"]
[White "Azmitia, Gabriel"]
[Black "Luiting, Larry"]
[Result "1/2-1/2"]
[WhiteElo "1575"]
[BlackElo "1702"]
[PlyCount "68"]
[EventDate "2010.02.25"]
[EventType "swiss"]
[EventRounds "9"]
[EventCountry "CAN"]

1. Nf3 Nf6 2. d4 e6 3. e3 c5 4. b3 Nc6 5. Bd3 d5 6. O-O Bd6 7. Bb2 O-O 8. a3
Ne4 9. Nbd2 f5 10. Ne5 Qf6 11. f4 Nxd2 12. Qxd2 g5 13. g3 Ne7 14. Qf2 g4 15.
Kg2 b6 16. Qg1 Rd8 17. Kf2 Bb7 18. h3 h5 19. hxg4 hxg4 20. Qh2 Kg7 21. dxc5
Bxc5 22. Nc4 d4 23. Ke1 a5 24. a4 Rh8 25. Qe2 Rh3 26. Rg1 Rah8 27. exd4 Bxd4
28. Bxd4 Qxd4 29. Qe5+ Qxe5+ 30. fxe5 Rh1 31. Rf1 Bg2 32. Nd2 Bxf1 33. Nxf1 Nc6
34. Kf2 Nxe5 1/2-1/2

[Event "Scarborough CC ch Reserves op"]
[Site "Toronto CAN"]
[Date "2010.04.08"]
[Round "7"]
[White "Bellissimo, Joseph"]
[Black "Verde, Pino"]
[Result "1-0"]
[WhiteElo "1726"]
[BlackElo "1895"]
[PlyCount "93"]
[EventDate "2010.02.25"]
[EventType "swiss"]
[EventRounds "9"]
[EventCountry "CAN"]

1. e4 d6 2. d4 Nf6 3. Nc3 Nbd7 4. Nf3 e5 5. dxe5 dxe5 6. Bg5 Be7 7. Qd2 c6 8.
O-O-O Qc7 9. Kb1 a5 10. Bxf6 Nxf6 11. h3 Be6 12. Ng5 Rd8 13. Nxe6 fxe6 14. Bd3
b5 15. Qe2 b4 16. Na4 O-O 17. Bc4 Rxd1+ 18. Rxd1 c5 19. Bxe6+ Kh8 20. b3 Rd8
21. Rxd8+ Qxd8 22. Qd3 Qxd3 23. cxd3 h5 24. Nb6 h4 25. Nc4 Nh5 26. Nxe5 Nf4 27.
Bf5 g5 28. g3 hxg3 29. fxg3 Kg7 30. gxf4 gxf4 31. Bg4 Bd8 32. Nc6 Bc7 33. Ne7
Kf7 34. Nd5 Be5 35. Kc2 Kg6 36. h4 Bd6 37. Kd1 Be5 38. Ke2 Kh6 39. Kf3 Bd6 40.
Nxf4 Be7 41. Ne6 Bd6 42. Nd8 Be7 43. Nc6 Bxh4 44. Nxa5 Bf6 45. Nc6 Kg6 46. e5
Bg5 47. e6 1-0

[Event "Scarborough CC ch Reserves op"]
[Site "Toronto CAN"]
[Date "2010.04.08"]
[Round "7"]
[White "Conte, Mike"]
[Black "Wu, Kevin"]
[Result "0-1"]
[WhiteElo "1823"]
[BlackElo "1911"]
[PlyCount "96"]
[EventDate "2010.02.25"]
[EventType "swiss"]
[EventRounds "9"]
[EventCountry "CAN"]

1. e4 c5 2. Nc3 Nc6 3. g3 g6 4. Bg2 Bg7 5. Nge2 e6 6. O-O Nge7 7. d3 O-O 8. Be3
b6 9. Qd2 Re8 10. Rad1 Ba6 11. Rfe1 d5 12. d4 cxd4 13. Nxd4 Nxd4 14. Bxd4 e5
15. Bxe5 Bxe5 16. Nxd5 Nxd5 17. exd5 Bd6 18. Qd4 Qd7 19. b3 Rxe1+ 20. Rxe1 Re8
21. Rxe8+ Qxe8 22. c4 Qe5 23. Qxe5 Bxe5 24. Be4 Kf8 25. Kf1 Ke7 26. Ke2 Kd6 27.
Ke3 b5 28. f4 Bf6 29. cxb5 Bxb5 30. a4 Ba6 31. b4 Bb7 32. g4 Bxd5 33. Bd3 Bc3
34. b5 Bb3 35. g5 Bxa4 36. Bc4 Ke7 37. Ke4 Bc2+ 38. Kd5 Ba5 39. Kd4 Bb6+ 40.
Kc3 Bf5 41. Kd2 Be6 42. Bd3 Kd6 43. h4 Kc5 44. h5 Bc4 45. hxg6 hxg6 46. Bc2 Bd8
47. b6 axb6 48. Kc3 Be6 0-1

[Event "Scarborough CC ch Reserves op"]
[Site "Toronto CAN"]
[Date "2010.04.08"]
[Round "7"]
[White "Garel, Rick"]
[Black "Bellomo, Joe"]
[Result "1-0"]
[WhiteElo "1993"]
[BlackElo "1778"]
[PlyCount "115"]
[EventDate "2010.02.25"]
[EventType "swiss"]
[EventRounds "9"]
[EventCountry "CAN"]

1. c4 Nf6 2. b3 e6 3. Nf3 b6 4. g3 Bb7 5. Bg2 Be7 6. O-O O-O 7. Bb2 d5 8. cxd5
exd5 9. Nc3 c6 10. Rc1 Nbd7 11. Qc2 Nc5 12. Nd4 g6 13. f4 Ne6 14. Nf3 d4 15.
Ne4 Nxe4 16. Qxe4 Nc5 17. Qxd4 Qxd4+ 18. Bxd4 Ne6 19. Bb2 Rfd8 20. d3 Bc5+ 21.
Kh1 Be3 22. Rc2 c5 23. Bf6 Re8 24. Ng5 Bxg2+ 25. Kxg2 Ng7 26. Ne4 Re6 27. Be5
Ne8 28. Kf3 Bd4 29. Bxd4 cxd4 30. Rc4 Rd8 31. g4 b5 32. Rc5 a6 33. Rfc1 Kg7 34.
h4 h6 35. Rc6 Re7 36. Rxa6 Nc7 37. Ra7 Rdd7 38. f5 Nd5 39. Rxd7 Rxd7 40. Rc5 b4
41. f6+ Nxf6 42. Nxf6 Kxf6 43. Rc4 Ra7 44. Rxd4 Rxa2 45. Rxb4 Ra5 46. d4 g5 47.
Rb6+ Kg7 48. hxg5 hxg5 49. e4 Ra1 50. Rb5 Kg6 51. b4 Rf1+ 52. Kg3 Rg1+ 53. Kf3
Rf1+ 54. Ke3 Rf4 55. d5 Rxg4 56. d6 Kf6 57. Rd5 Rh4 58. d7 1-0

[Event "Scarborough CC ch Reserves op"]
[Site "Toronto CAN"]
[Date "2010.04.08"]
[Round "7"]
[White "Gillis, Doug"]
[Black "Morra, Lui"]
[Result "1/2-1/2"]
[WhiteElo "1611"]
[BlackElo "1660"]
[PlyCount "71"]
[EventDate "2010.02.25"]
[EventType "swiss"]
[EventRounds "9"]
[EventCountry "CAN"]

1. e4 c5 2. Nf3 e6 3. d4 cxd4 4. Nxd4 a6 5. Nc3 Qc7 6. g3 Nf6 7. Bg2 Be7 8. O-O
O-O 9. Re1 d6 10. Be3 Nbd7 11. Na4 Ne5 12. Nb6 Qxb6 13. Nxe6 Qxb2 14. Nxf8 Kxf8
15. Bd4 Qb5 16. a4 Qc4 17. Re3 Nc6 18. Bb6 Bg4 19. Qd2 Qe6 20. Rae1 Ne5 21. Qd4
Bh3 22. Rc3 Bxg2 23. Kxg2 Nfd7 24. Rc7 Nxb6 25. Qxb6 Bd8 26. Qxb7 Bxc7 27.
Qxa8+ Ke7 28. Qb7 Kd7 29. Qxa6 Qf6 30. f4 Nc6 31. Qb5 Qc3 32. e5 Qxe1 33. Qd5
Qe2+ 34. Kh3 Qf1+ 35. Kh4 Qg1 36. Kh3 1/2-1/2

[Event "Scarborough CC ch Reserves op"]
[Site "Toronto CAN"]
[Date "2010.04.08"]
[Round "7"]
[White "Graham, John"]
[Black "Super, Russell"]
[Result "1-0"]
[WhiteElo "1447"]
[BlackElo "1449"]
[PlyCount "63"]
[EventDate "2010.02.25"]
[EventType "swiss"]
[EventRounds "9"]
[EventCountry "CAN"]

1. c4 e5 2. e3 Nf6 3. a3 g6 4. Nf3 d6 5. Nc3 Bg7 6. d4 exd4 7. Nxd4 O-O 8. Be2
Bd7 9. Bf3 Nc6 10. Nce2 Rb8 11. O-O Ne5 12. Qc2 Re8 13. Ng3 Nxf3+ 14. Nxf3 d5
15. cxd5 Nxd5 16. Rd1 Nf6 17. Rb1 Rc8 18. b4 Qe7 19. Bb2 Ne4 20. Nxe4 Bf5 21.
Bxg7 Bxe4 22. Qc3 Bxb1 23. Rxb1 c5 24. b5 f5 25. Bf6 Qe6 26. Ng5 Qd6 27. Qc4+
Re6 28. Nxe6 Kf7 29. Nd8+ Kxf6 30. Qf7+ Kg5 31. Ne6+ Qxe6 32. Qxe6 1-0

[Event "Scarborough CC ch Reserves op"]
[Site "Toronto CAN"]
[Date "2010.04.08"]
[Round "7"]
[White "Huston, Scott"]
[Black "Al Ganabi, Haqi"]
[Result "0-1"]
[WhiteElo "1630"]
[BlackElo "1981"]
[PlyCount "110"]
[EventDate "2010.02.25"]
[EventType "swiss"]
[EventRounds "9"]
[EventCountry "CAN"]

1. d4 Nf6 2. c4 e5 3. dxe5 Ng4 4. Nf3 Nc6 5. Bg5 Be7 6. Bf4 Bb4+ 7. Nbd2 Qe7 8.
a3 Ngxe5 9. Nxe5 Nxe5 10. Bxe5 Bxd2+ 11. Qxd2 Qxe5 12. e3 O-O 13. Be2 Re8 14.
O-O d6 15. Bf3 Rb8 16. Rac1 h6 17. b4 Bf5 18. c5 Rbd8 19. Qc3 d5 20. Qxe5 Rxe5
21. Rfd1 c6 22. Rd4 Rde8 23. a4 Be4 24. Bxe4 Rxe4 25. Rcd1 f5 26. Rxe4 Rxe4 27.
Rd4 Kf7 28. Kf1 Ke6 29. Ke2 Ke5 30. f4+ Kf6 31. Kd3 Re7 32. b5 g5 33. fxg5+
hxg5 34. g4 fxg4 35. Rxg4 Rh7 36. Rg2 Rh4 37. Ra2 Rc4 38. a5 Rxc5 39. bxc6 bxc6
40. Kd4 Rc4+ 41. Kd3 Ke5 42. Rg2 g4 43. Ra2 Rb4 44. a6 c5 45. Ra5 c4+ 46. Kc3
Rb3+ 47. Kd2 Rb2+ 48. Kc3 Rxh2 49. Rc5 Rh6 50. Rc7 Rxa6 51. Rg7 Ra3+ 52. Kd2
Kf5 53. Rd7 Ra5 54. Rg7 a6 55. Kc3 Ra3+ 0-1

[Event "Scarborough CC ch Reserves op"]
[Site "Toronto CAN"]
[Date "2010.04.08"]
[Round "7"]
[White "Kim, Bill"]
[Black "Hahnewald, Uwe"]
[Result "1/2-1/2"]
[WhiteElo "1874"]
[BlackElo "1935"]
[PlyCount "79"]
[EventDate "2010.02.25"]
[EventType "swiss"]
[EventRounds "9"]
[EventCountry "CAN"]

1. d4 Nf6 2. c4 e6 3. Nc3 d5 4. Nf3 c6 5. e3 Nbd7 6. Qc2 Be7 7. cxd5 exd5 8. g3
O-O 9. Bg2 Re8 10. O-O Nf8 11. Rd1 Bd6 12. a3 a5 13. Nd2 Bg4 14. Re1 Ne6 15.
Rb1 Qd7 16. b4 axb4 17. axb4 Ng5 18. Qb3 Bh3 19. Bh1 Bf5 20. Rb2 Be6 21. b5 Ra3
22. Qc2 Nh3+ 23. Kf1 Ng4 24. f3 Nxe3+ 25. Rxe3 Bf5 26. Rxe8+ Qxe8 27. Qxf5 Rxc3
28. Nb3 Rxc1+ 29. Nxc1 Qe3 30. Kg2 Qxc1 31. Re2 Qg1+ 32. Kxh3 Qf1+ 33. Rg2 Qxh1
34. Qc8+ Bf8 35. b6 Qc1 36. f4 Qe1 37. Ra2 Qf1+ 38. Rg2 Qe1 39. Ra2 Qf1+ 40.
Rg2 1/2-1/2

[Event "Scarborough CC ch Reserves op"]
[Site "Toronto CAN"]
[Date "2010.04.08"]
[Round "7"]
[White "Krupka, David"]
[Black "Manalo, Pepin"]
[Result "0-1"]
[WhiteElo "2015"]
[BlackElo "1838"]
[PlyCount "130"]
[EventDate "2010.02.25"]
[EventType "swiss"]
[EventRounds "9"]
[EventCountry "CAN"]

1. d4 Nf6 2. c4 e6 3. Nc3 b6 4. e4 Bb4 5. Bd3 Bb7 6. f3 O-O 7. Nge2 d5 8. cxd5
exd5 9. e5 Nfd7 10. a3 Be7 11. f4 f5 12. e6 Nf6 13. Bxf5 c5 14. O-O Na6 15. Bh3
Nc7 16. f5 Ba6 17. Be3 Rc8 18. Kh1 Bd6 19. Bf4 Bxf4 20. Rxf4 Qd6 21. Rf3 Ne4
22. Qe1 Ng5 23. Rf2 Nxh3 24. gxh3 Bd3 25. Ng3 cxd4 26. Rd1 Bc4 27. Rxd4 Qc5 28.
Qd2 Rce8 29. Rff4 Rf6 30. Rg4 Kh8 31. Qg5 Qf8 32. Rdf4 Bd3 33. Nh5 Rxf5 34.
Rxf5 Bxf5 35. Rf4 g6 36. Qf6+ Kg8 37. Qxf8+ Kxf8 38. Nf6 Rxe6 39. Nxh7+ Kg7 40.
Ng5 Re1+ 41. Kg2 Rc1 42. Rd4 Kf6 43. h4 Rc2+ 44. Kg3 Rxb2 45. Nxd5+ Nxd5 46.
Rxd5 Rb3+ 47. Kf4 Rxa3 48. Rd6+ Ke7 49. Rc6 Ra4+ 50. Ke5 Ra5+ 51. Kf4 b5 52. h5
Bd7 53. Rxg6 b4 54. h6 b3 55. h7 Ra4+ 56. Ke5 Rh4 57. Rg7+ Ke8 58. Rg8+ Ke7 59.
Rg7+ Ke8 60. Kd6 Rd4+ 61. Ke5 Rh4 62. Kd6 Rh6+ 63. Kd5 b2 64. Rg8+ Ke7 65. Rg7+
Kf6 0-1

[Event "Scarborough CC ch Reserves op"]
[Site "Toronto CAN"]
[Date "2010.04.08"]
[Round "7"]
[White "Lin, Tony (Juntao)"]
[Black "Ferreira, Alex"]
[Result "0-1"]
[WhiteElo "1734"]
[BlackElo "2057"]
[PlyCount "92"]
[EventDate "2010.02.25"]
[EventType "swiss"]
[EventRounds "9"]
[EventCountry "CAN"]

1. e4 e5 2. Nf3 Nc6 3. Bb5 Nf6 4. d3 Ne7 5. O-O Ng6 6. Nbd2 c6 7. Ba4 Bc5 8. h3
O-O 9. Re1 Qc7 10. Bb3 a5 11. a3 d5 12. exd5 cxd5 13. Nf1 Re8 14. Bg5 a4 15.
Ba2 Qb6 16. Ne3 Be6 17. Rb1 Bxe3 18. Bxe3 d4 19. Bxe6 dxe3 20. Bxf7+ Kxf7 21.
Rxe3 Rad8 22. Ng5+ Kg8 23. Ne4 Nxe4 24. Rxe4 Rf8 25. Qe2 Rd4 26. Rxd4 Qxd4 27.
Qe3 Nf4 28. Qxd4 Ne2+ 29. Kf1 Nxd4 30. c3 Nb3 31. Re1 Rd8 32. Rd1 Kf7 33. Ke2
Ke6 34. Ke3 h5 35. f4 exf4+ 36. Kxf4 Rf8+ 37. Ke3 Kd5 38. c4+ Kc5 39. Ke4 Nd4
40. Rd2 g5 41. Ke5 h4 42. Rd1 Rf5+ 43. Ke4 Rf2 44. Ke5 Rxb2 45. Rg1 Rf2 46. g3
Nf3+ 0-1

[Event "Scarborough CC ch Reserves op"]
[Site "Toronto CAN"]
[Date "2010.04.08"]
[Round "7"]
[White "Maister, Martin"]
[Black "Bao, Stephen"]
[Result "1-0"]
[WhiteElo "1875"]
[BlackElo "1619"]
[PlyCount "70"]
[EventDate "2010.02.25"]
[EventType "swiss"]
[EventRounds "9"]
[EventCountry "CAN"]

1. e4 c5 2. Nf3 d6 3. d4 cxd4 4. Nxd4 Nf6 5. Nc3 a6 6. Rg1 e6 7. g4 Qc7 8. Be3
Nc6 9. Qd2 Bd7 10. g5 Ng8 11. O-O-O Nxd4 12. Bxd4 Ne7 13. Qe3 Rc8 14. Bb6 Qb8
15. f4 g6 16. Qd4 Rg8 17. Qxd6 Qxd6 18. Rxd6 Nd5 19. Nxd5 Bxd6 20. Nf6+ Kf8 21.
Nxd7+ Ke7 22. Ne5 Bc5 23. Bxc5+ Rxc5 24. Ng4 Rgc8 25. Bd3 a5 26. a4 Rd8 27. Rg3
Rd4 28. b3 b6 29. Kb2 Rd8 30. Rh3 h5 31. gxh6 Rh5 32. Rxh5 gxh5 33. Ne5 Rh8 34.
Nc4 Rxh6 35. Nxb6 Rg6 1-0

[Event "Scarborough CC ch Reserves op"]
[Site "Toronto CAN"]
[Date "2010.04.08"]
[Round "7"]
[White "Mesiti, Silvano"]
[Black "Xie, Peter"]
[Result "1/2-1/2"]
[WhiteElo "1735"]
[BlackElo "1546"]
[PlyCount "89"]
[EventDate "2010.02.25"]
[EventType "swiss"]
[EventRounds "9"]
[EventCountry "CAN"]

1. e4 e5 2. Nf3 Nc6 3. Nc3 Nf6 4. Bc4 Be7 5. d4 d6 6. d5 Na5 7. Be2 c5 8. a3 b6
9. Qd3 O-O 10. O-O Nb7 11. Bg5 Ne8 12. Bxe7 Qxe7 13. Nd2 f5 14. exf5 Bxf5 15.
Nde4 Nf6 16. Qe3 Nxe4 17. Nxe4 Kh8 18. Bd3 Qf7 19. Nc3 Bxd3 20. Qxd3 a6 21. Ne4
Qf5 22. Rad1 b5 23. f3 Rad8 24. Qd2 h6 25. Rfe1 Kg8 26. Ng3 Qf4 27. Qc3 b4 28.
axb4 cxb4 29. Qd3 Nc5 30. Qd2 Qxd2 31. Rxd2 Rc8 32. Ne4 Nxe4 33. Rxe4 a5 34.
Kf1 Rc5 35. Ke1 Rb8 36. Re3 Rbb5 37. Red3 Kf7 38. b3 Kf6 39. g3 g6 40. h4 Kf5
41. Ke2 Kf6 42. Ke3 Rb8 43. Ke2 Rbb5 44. Ke3 Rb8 45. Ke2 1/2-1/2

[Event "Scarborough CC ch Reserves op"]
[Site "Toronto CAN"]
[Date "2010.04.08"]
[Round "7"]
[White "Posaratnanathan, Juliaan"]
[Black "Moran-Venegas, Mario"]
[Result "1/2-1/2"]
[WhiteElo "1694"]
[BlackElo "1735"]
[PlyCount "67"]
[EventDate "2010.02.25"]
[EventType "swiss"]
[EventRounds "9"]
[EventCountry "CAN"]

1. e4 c5 2. Nf3 d6 3. d4 cxd4 4. Nxd4 Nf6 5. Nc3 a6 6. Be3 Ng4 7. Bg5 h6 8. Bh4
g5 9. Bg3 Bg7 10. h3 Ne5 11. Qd2 Qb6 12. Nb3 Be6 13. O-O-O Nbc6 14. Nd5 Bxd5
15. exd5 Na7 16. f4 gxf4 17. Bxf4 Nb5 18. Kb1 Rc8 19. Be3 Qc7 20. Nd4 Nxd4 21.
Bxd4 O-O 22. Be2 Nc4 23. Bxc4 Bxd4 24. Qxd4 Qxc4 25. c3 Rc5 26. Rhe1 Re8 27.
Qxc4 Rxc4 28. Kc2 b5 29. b3 Rf4 30. Rd2 Kg7 31. Re3 Kf6 32. g3 Rf1 33. g4 Rc8
34. Rde2 1/2-1/2

[Event "Scarborough CC ch Reserves op"]
[Site "Toronto CAN"]
[Date "2010.04.08"]
[Round "7"]
[White "Rapoport, Alexander"]
[Black "Southam, David"]
[Result "0-1"]
[WhiteElo "1809"]
[BlackElo "2168"]
[PlyCount "108"]
[EventDate "2010.02.25"]
[EventType "swiss"]
[EventRounds "9"]
[EventCountry "CAN"]

1. Nf3 Nf6 2. b3 g6 3. Bb2 Bg7 4. e3 O-O 5. Be2 d6 6. d4 Nbd7 7. Nbd2 b6 8. a4
a6 9. O-O Bb7 10. Nc4 c5 11. Nfd2 Qc7 12. Bf3 d5 13. Na3 e5 14. dxe5 Nxe5 15.
Be2 Rad8 16. Nf3 Nxf3+ 17. Bxf3 Ng4 18. Bxg4 Bxb2 19. Ra2 Be5 20. f4 Bg7 21.
Qc1 Rfe8 22. c3 Re7 23. Re2 Bc6 24. Bf3 Qb7 25. Rd1 Rde8 26. Rde1 Qa8 27. Kh1
Bb7 28. Qc2 f5 29. h3 Bf6 30. Kh2 Qc8 31. Qd3 Qe6 32. Qc2 Qf7 33. c4 dxc4 34.
Nxc4 Bxf3 35. gxf3 Re6 36. Rd1 Qc7 37. Rd3 b5 38. axb5 axb5 39. Ne5 Bxe5 40.
fxe5 Qxe5+ 41. f4 Qxf4+ 42. exf4 Rxe2+ 43. Qxe2 Rxe2+ 44. Kg3 Re4 45. Rd8+ Kf7
46. Rb8 Re3+ 47. Kh4 Rxb3 48. Rb7+ Ke6 49. Rxh7 c4 50. Rh6 c3 51. Rxg6+ Kd5 52.
Rg1 c2 53. Rc1 Rc3 54. Kg5 b4 0-1

[Event "Scarborough CC ch Reserves op"]
[Site "Toronto CAN"]
[Date "2010.04.08"]
[Round "7"]
[White "Song, Michael"]
[Black "Stewart, Frankie"]
[Result "1-0"]
[WhiteElo "1858"]
[BlackElo "1766"]
[PlyCount "102"]
[EventDate "2010.02.25"]
[EventType "swiss"]
[EventRounds "9"]
[EventCountry "CAN"]

1. e4 e5 2. Nf3 Nc6 3. Bc4 Nf6 4. Ng5 d5 5. exd5 Na5 6. Bb5+ Bd7 7. Bxd7+ Qxd7
8. d3 Qxd5 9. O-O Be7 10. Nc3 Qd7 11. Re1 Nc6 12. f4 Ng4 13. Nh3 Bc5+ 14. Kh1
O-O 15. Ne4 Bb6 16. Rf1 Ne3 17. Bxe3 Bxe3 18. f5 f6 19. Qe2 Bh6 20. c3 Rad8 21.
Nc5 Qc8 22. Ne6 Ne7 23. Nxf8 Rxf8 24. Qe4 c6 25. Rf3 Qd7 26. Nf2 Bf4 27. g3 Bh6
28. Ng4 Nd5 29. Nxh6+ gxh6 30. Re1 Rf7 31. d4 Re7 32. dxe5 fxe5 33. Qh4 Qd6 34.
f6 Rf7 35. Qxh6 Nxf6 36. Qg5+ Kf8 37. Qxe5 Qxe5 38. Rxe5 Kg7 39. Ref5 h6 40. g4
Rf8 41. h4 Nd7 42. Rxf8 Nxf8 43. Rxf8 Kxf8 44. Kg2 Kf7 45. Kf3 Kf6 46. Kf4 Ke6
47. c4 a5 48. b3 b6 49. g5 hxg5+ 50. Kxg5 Kf7 51. Kf5 b5 1-0